Premier League Winners - Statistics

General Stats
  • This quiz has been taken 80 times
  • The average score is 12 of 14
Answer Stats
Hint Answer % Correct
2019-2020 liverpool
99%
2014-2015 chelsea
95%
2016-2017 chelsea
95%
2011-2012 man city
88%
2013-2014 man city
88%
2017-2018 man city
88%
2018-2019 man city
88%
2020-2021 man city
88%
2021-2022 man city
88%
2022-2023 man city
88%
2023-2024 man city
88%
2015-2016 leicester city
84%
2010-2011 man united
79%
2012-2013 man united
79%
No matching quizzes found
Score Distribution
Percent of People with Each Score
Percentile by Number Answered
Your Score History
You have not taken this quiz